Transforming links for mission : (Record no. 853)

MARC details
000 -LEADER
fixed length control field 01149cam a2200289 a 4500
001 - CONTROL NUMBER
control field 8388692
003 - CONTROL NUMBER IDENTIFIER
control field GBCCL
005 - DATE AND TIME OF LATEST TRANSACTION
control field 20241126110347.0
008 - FIXED-LENGTH DATA ELEMENTS--GENERAL INFORMATION
fixed length control field 080621s2003 ii af g 000 0deng d
035 ## - SYSTEM CONTROL NUMBER
System control number (OCoLC)ocn689366101
035 ## - SYSTEM CONTROL NUMBER
System control number 8388692
040 ## - CATALOGING SOURCE
Original cataloging agency IiNdDKA
Language of cataloging eng
Transcribing agency IiNdDKA
Modifying agency CtY-D
043 ## -
-- a-ii---
082 04 - DEWEY DECIMAL CLASSIFICATION NUMBER
Classification number 266.00954
Edition information 22
Item number TRA
245 00 - TITLE STATEMENT
Title Transforming links for mission :
Remainder of title one planted, another watered and god gave the growth /
Statement of responsibility, etc. compiled by Siga Arles, John Gollapalli.
260 ## - PUBLICATION, DISTRIBUTION, ETC.
Place of publication, distribution, etc. Hyderabad :
Name of publisher, distributor, etc. COUNTMinistries,
Date of publication, distribution, etc. 2003.
300 ## - PHYSICAL DESCRIPTION
Extent iv, 175 p., [12] p. of plates :
Other physical details ill. (chiefly col.) ;
Dimensions 22 cm.
520 ## - SUMMARY, ETC.
Summary, etc. Stories of how god brought so many together as transforming links in the mission of COUNT by various authors.
610 20 - SUBJECT ADDED ENTRY--CORPORATE NAME
Corporate name or jurisdiction name as entry element Christian Outreach Uplifting New Tribes (India)
General subdivision Missions.
9 (RLIN) 1311
610 20 - SUBJECT ADDED ENTRY--CORPORATE NAME
Corporate name or jurisdiction name as entry element Christian Outreach Uplifting New Tribes (India)
Form subdivision Biography.
9 (RLIN) 1312
650 #0 - SUBJECT ADDED ENTRY--TOPICAL TERM
Topical term or geographic name entry element Missions
Geographic subdivision India.
9 (RLIN) 52
650 #0 - SUBJECT ADDED ENTRY--TOPICAL TERM
Topical term or geographic name entry element Church work with children
Geographic subdivision India.
9 (RLIN) 1313
650 #0 - SUBJECT ADDED ENTRY--TOPICAL TERM
Topical term or geographic name entry element Contact transformations.
9 (RLIN) 1314
700 1# - ADDED ENTRY--PERSONAL NAME
Personal name Arles, Siga,
Dates associated with a name 1950-
9 (RLIN) 1315
700 1# - ADDED ENTRY--PERSONAL NAME
Personal name Gollapalli, John
9 (RLIN) 1316
942 ## - ADDED ENTRY ELEMENTS (KOHA)
Source of classification or shelving scheme Dewey Decimal Classification
Koha item type Books
Holdings
Withdrawn status Lost status Source of classification or shelving scheme Damaged status Not for loan Home library Current Library Shelving location Date acquired Total checkouts Full call number Barcode Date last seen Copy number Price effective from Koha item type
    Dewey Decimal Classification     GRACE BIBLE COLLEGE GRACE BIBLE COLLEGE Ministry & Mission 2017-03-21   266.00954 TRA 014176 2025-05-01 c.1 2017-03-21 Books
© Grace Bible College Library 2025